000 00696nam a2200217 4500
003 OSt
005 20240701024324.0
006 a
008 240701b |||||||| |||| 00| 0 eng d
020 _a9780763791933
040 _aDWCL-Main lib.
_cOC
082 _aCirc. 005.8 S689s 2011
100 _aSolomon, Michael G.
245 _aSecurity strategies in Windows platforms and applications /
260 _aSudbury Mass :
_bJones and Bartlett Learning. ,
_cc2011.
300 _axv,
_b384 p. : ill. ;
_c23 cm.
504 _aIncludes bibliographical references and index.
650 _a1. Microsoft Windows (Computer file).
650 _a2. Computer security.
942 _2ddc
_n0
_cBK-CIRC
_kCirc.
999 _c1682
_d1682